000 00522nam a2200181Ia 4500
003 GCL
008 140319s9999 xx 000 0 ara d
040 _aGCL /
_cGCL
082 0 4 _a791.438
_bع س
100 1 _aعياد عبدالسيد
245 1 0 _aالسينما 73 /
_cعياد عبدالسيد
700 1 _aيوسف سلامة
300 _a32 ص
490 _aالهيئة العامة للاستعلامات
_v0
650 0 4 _aالافلام السينمائية
650 0 4 _aالسينما
942 _2ddc
_cBK
999 _c50140
_d50140